000 01102nas a2200325 4500
001 BR2013001150
003 BR-BrBNA
005 20231205121901.0
007 ta
008 230509b bl.|||p| |||| 00| 00por d
040 _aBR-BrBNA
_bpor
_cBiblioteca Nacional de Agricultura
041 _a(Pt)
072 _aQ55; L74
100 1 _aRiet-Correa, F.
100 1 _aBondan, E.F.
100 1 _aMéndez, M.C.
100 1 _aMoraes, S.S.
100 1 _aConcepción, M.R.
245 1 _aEfeito da suplementação com cobre e doenças associadas à carência de cobre em bovinos no Rio Grande so Sul
246 1 _aEffect of copper supplementation and diseases associated with copper deficiency in cattle in southern Brazil
650 _aBOVINO
650 _aCOBRE
650 _aDEFICIÊNCIA
650 _aSUPLEMENTO ALIMENTAR
650 _aDISTÚRBIO FISIOLÓGICO
650 _aRIO GRANDE DO SUL
773 0 _tPesquisa Veterinária Brasileira (Brazil)
_xISSN 0100-736X
_g(Jul-Dec 1993), v. 13(3/4) p. 45-49
_wBR2013001150
909 _a202311
_bLúcia
_c55
_dLúcia Elande
942 _2AGRIS
_n0
_cANA
999 _c225747
_d225747